[Event "It (open)"]
[Site "masterchessopen.com - Los Angeles (USA)"]
[Round "1"]
[White "Mikhalevski Victor (ISR)"]
[Black "Del Pilar Reynaldo (USA)"]
[Result "1-0"]
[WhiteElo "2566"]
[BlackElo "2306"]

1.d4 Nf6 2.c4 e6 3.g3 c5 4.d5 exd5 5.cxd5 d6 6.Nc3 g6 7.Bg2 Bg7 8.Nf3 O-O
9.O-O Re8 10.Nd2 a6 11.a4 Nbd7 12.h3 Nh5 13.a5 Ne5 14.Kh2 f5 15.f4 g5 16.e3 g4
17.fxe5 Bxe5 18.Ne2 Nxg3 19.Nxg3 Bxg3+ 20.Kxg3 Rxe3+ 21.Nf3 f4+ 22.Kh2 Re4
23.Ra4 Rxa4 24.Qxa4 gxf3 25.Rxf3 Bd7 26.Qxf4 {#r} 1-0

[Event "It (cat.2)"]
[Site "masterchessopen.com - Lvov (Ukraine)"]
[Round "4"]
[White "Heurtebize Olivier (FRA)"]
[Black "Oleksienko Mikhailo (UKR)"]
[Result "0-1"]
[WhiteElo "2272"]
[BlackElo "2454"]

1.d4 Nf6 2.c4 c5 3.d5 e6 4.Nc3 exd5 5.cxd5 d6 6.Nf3 g6 7.g3 Bg7 8.Bg2 O-O
9.O-O a6 10.a4 Nbd7 11.Nd2 Re8 12.h3 Rb8 13.Nc4 Nb6 14.Na3 Bd7 15.a5 Nc8
16.Nc4 Bb5 17.Qb3 Bxc4 18.Qxc4 Nd7 19.e4 Ne5 20.Qe2 c4 21.Be3 Nd3 22.Ra4 b5
23.axb6 Nxb6 24.Rxa6 Nd7 25.Ra2 Rb3 26.Rd1 Qb8 27.Na4 Nf6 28.Qd2 Nxe4 29.Bxe4
Rxe4 30.Nb6 Rxe3 31.Ra8 Qxa8 32.Nxa8 Re8 33.Qa5 Nxb2 34.Nc7 Bc3 35.Qa6 Reb8
36.Rc1 Be5 37.f4 Rxg3+ 38.Kf2 Bxf4 39.Rc2 Nd3+ 40.Ke2 {#R} 0-1

[Event "Ch Asturias"]
[Site "masterchessopen.com - Oviedo (Spain)"]
[Round "8"]
[White "Montes Gutierrez Ignacio (ESP)"]
[Black "Melero Morales Javier Antonio (ESP)"]
[Result "0-1"]
[WhiteElo "2079"]
[BlackElo "2107"]

1.d4 Nf6 2.c4 e6 3.Nf3 c5 4.d5 exd5 5.cxd5 d6 6.Nc3 g6 7.g3 Bg7 8.Bg2 O-O
9.O-O Re8 10.Nd2 a6 11.a4 Nbd7 12.Nc4 Ne5 13.Nxe5 Rxe5 14.e4 Re8 15.a5 Qc7
16.Qc2 Bd7 17.Bd2 Ng4 18.Na4 Bb5 19.Rfd1 Bd4 20.Be1 Qe7 21.Nb6 Rad8 22.h3 Ne5
23.Bc3 Qf6 24.Rac1 Kg7 25.Rd2 h5 26.Rcd1 Bxc3 27.Qxc3 c4 28.b3 cxb3 29.Qxb3 h4
30.gxh4 Rh8 31.Rc2 Rxh4 32.Rc7 Be2 33.Rdc1 Bf3 34.Nc4 Qg5 35.Ne3 Rxh3 36.Kf1
Bxg2+ 37.Ke2 Bxe4 38.Qxb7 Rxe3+ 39.fxe3 Qg2+ {#R} 0-1

[Event "It (open)"]
[Site "masterchessopen.com - Port Erin (England)"]
[Round "6"]
[White "Kiseleva Natalia (UKR)"]
[Black "Handke Florian (GER)"]
[Result "0-1"]
[WhiteElo "2290"]
[BlackElo "2467"]

1.d4 Nf6 2.c4 c5 3.d5 e6 4.Nc3 exd5 5.cxd5 d6 6.Nf3 g6 7.g3 Bg7 8.Bg2 O-O
9.O-O Re8 10.Nd2 a6 11.a4 Nbd7 12.h3 Rb8 13.Nc4 Ne5 14.Na3 Nh5 15.Kh2 Bd7
16.a5 Qxa5 17.f4 b5 18.Nc2 Qd8 19.fxe5 Bxe5 20.Bf4 Bxf4 21.gxf4 b4 22.Ne4 Bf5
23.Ng3 Nxg3 24.Kxg3 Qf6 25.Re1 b3 26.Na3 Re3+ 27.Bf3 Rb4 28.Qd2 Rxf4 29.Rh1
Qg5+ 30.Kf2 Rexf3+ 31.exf3 Rxf3+ 32.Kxf3 Qxd2 {#R} 0-1

[Event "Ch Europe (seniors)"]
[Site "masterchessopen.com - Saint Vincent (Italy)"]
[Round "3"]
[White "De Laubadere Philippe (FRA)"]
[Black "Fischer Johann (AUT)"]
[Result "0-1"]
[WhiteElo "1963"]
[BlackElo "2243"]

1.d4 Nf6 2.c4 e6 3.g3 c5 4.d5 exd5 5.cxd5 d6 6.Bg2 g6 7.Nf3 Bg7 8.O-O O-O
9.Nc3 Re8 10.Nd2 a6 11.a4 Nbd7 12.e4 Rb8 13.Nc4 Ne5 14.Nxe5 Rxe5 15.f4 Re8
16.a5 b6 17.axb6 Ng4 18.Qf3 f5 19.h3 Bd4+ 20.Kh1 Nf6 21.Re1 Rxb6 22.e5 dxe5
23.fxe5 Rxe5 24.Bf4 Rxe1+ 25.Rxe1 Rxb2 26.Na4 Qa5 {#R} 0-1

[Event "It"]
[Site "masterchessopen.com - Serpukhov (Russia)"]
[Round "7"]
[White "Panush Viktor (MDA)"]
[Black "Roshchepkin Boris (RUS)"]
[Result "1-0"]
[WhiteElo "2219"]
[BlackElo "2262"]

1.d4 Nf6 2.c4 c5 3.d5 e6 4.Nc3 exd5 5.cxd5 d6 6.g3 g6 7.Bg2 Bg7 8.Nf3 O-O
9.O-O a6 10.a4 Re8 11.Nd2 Nbd7 12.h3 Rb8 13.a5 b5 14.axb6 Nxb6 15.Kh2 Na8
16.Nc4 Nc7 17.Bf4 Rb4 18.Nxd6 Nh5 19.Nxe8 Nxe8 20.Bc1 f5 21.e3 Nd6 22.Qc2 Nf6
23.Rd1 Bd7 24.Ra2 c4 25.Na4 Rb5 26.Nc3 Rb6 27.e4 fxe4 28.Nxe4 Nfxe4 29.Bxe4
Be5 30.Bg2 Bf5 31.Qe2 Bf6 32.Bf4 Qe7 33.Qxe7 Bxe7 34.Be3 Rb5 35.Rxa6 Bd3
36.Bd4 {#r} 1-0

[Event "Extra League 2002/03"]
[Site "masterchessopen.com - Slovakia"]
[Round "9"]
[White "Konopka Michal (CZE)"]
[Black "Hracek Zbynek (CZE)"]
[Result "0-1"]
[WhiteElo "2458"]
[BlackElo "2595"]

1.d4 Nf6 2.Nf3 c5 3.d5 g6 4.c4 Bg7 5.Nc3 O-O 6.g3 e6 7.Bg2 exd5 8.cxd5 d6
9.O-O Re8 10.Nd2 a6 11.a4 Nbd7 12.Nc4 Ne5 13.Nxe5 Rxe5 14.Bf4 Re8 15.e4 Ng4
16.a5 Ne5 17.Qc2 Bd7 18.Rfd1 Bg4 19.Re1 Rc8 20.h3 Bd7 21.g4 c4 22.Bg3 Rc5
23.f4 Nd3 24.Re2 Rxa5 25.Rf1 b5 26.e5 dxe5 27.fxe5 Nxe5 28.d6 Qb6+ 29.Kh1 b4
30.Ne4 c3 31.Bf2 Qb5 32.Nc5 Ra2 33.Qe4 Rxb2 34.Rxb2 cxb2 35.Nxd7 Qxd7 36.Bc5
a5 37.Qe2 Rc8 38.Bd4 Rc1 39.Bxb2 Rxf1+ 40.Qxf1 Qxd6 41.Qa1 h6 42.Be4 Bf6 {#R}
0-1

[Event "Ch Sweden (team) 2002/03"]
[Site "masterchessopen.com - Sweden"]
[Round "8"]
[White "Heinola Vesa (SWE)"]
[Black "Collett Peter (SWE)"]
[Result "0-1"]
[WhiteElo "2203"]
[BlackElo "2215"]

1.d4 Nf6 2.c4 e6 3.g3 c5 4.d5 exd5 5.cxd5 d6 6.Nc3 g6 7.Bg2 Bg7 8.Nf3 O-O
9.O-O a6 10.a4 Re8 11.Nd2 Nbd7 12.h3 Rb8 13.Nc4 Ne5 14.Na3 h6 15.f4 Ned7
16.Kh2 Nh7 17.Nc4 Nb6 18.Na3 Bd7 19.a5 Nc8 20.Nc4 Qc7 21.e4 b5 22.axb6 Nxb6
23.Ne3 Bb5 24.Nxb5 axb5 25.e5 dxe5 26.f5 e4 27.d6 Qd7 28.fxg6 fxg6 29.Nd5 Nc8
30.Ra6 g5 31.Nc7 Re5 32.b3 e3 33.Re1 Rb6 34.Ra8 Nf8 35.Bd5+ Kh8 36.Qf3 Rxd6
37.Bb2 Rf6 38.Qh5 Rf2+ 39.Kg1 Rxb2 40.Rxc8 Qxc8 41.Qf7 Rxd5 {#R} 0-1

[Event "It \"]
[Site "masterchessopen.com - Bunratty (Ireland)"]
[Date "2003.02.22"]
[Round "2"]
[White "Plant Paul (ENG)"]
[Black "Sorg Bernd (GER)"]
[Result "0-1"]
[WhiteElo "2107"]
[BlackElo "2296"]

1.d4 Nf6 2.c4 c5 3.d5 e6 4.Nc3 exd5 5.cxd5 d6 6.g3 g6 7.Bg2 Bg7 8.Nf3 O-O
9.O-O a6 10.a4 Re8 11.Nd2 Nbd7 12.Nc4 Ne5 13.Nxe5 Rxe5 14.Qc2 Rb8 15.a5 Re8
16.Kh1 Bd7 17.e4 Bb5 18.Re1 Ng4 19.h3 Ne5 20.Nxb5 axb5 21.f4 Nc4 22.Bf1 Ra8
23.Bxc4 bxc4 24.Bd2 b5 25.axb6 Rxa1 26.Rxa1 Qxb6 27.Ra4 Qb3 28.Rxc4 Qxg3
29.Ra4 Qxh3+ 30.Kg1 Bd4+ {#R} 0-1

[Event "Bundesliga (2nd) South 2002/03"]
[Site "masterchessopen.com - Germany"]
[Date "2003.02.23"]
[Round "7"]
[White "Loehr Markus (GER)"]
[Black "Vonthron Horst (GER)"]
[Result "0-1"]
[WhiteElo "2212"]
[BlackElo "2329"]

1.d4 Nf6 2.c4 e6 3.g3 c5 4.d5 exd5 5.cxd5 d6 6.Nc3 g6 7.Bg2 Bg7 8.Nf3 O-O
9.O-O a6 10.a4 Re8 11.Nd2 Nbd7 12.Qb3 Ne5 13.h3 Nh5 14.Kh2 f5 15.Nc4 Nxc4
16.Qxc4 b5 17.Qd3 c4 18.Qc2 b4 19.Nd1 a5 20.Bf3 Nf6 21.Qxc4 Ba6 22.Qb3 Ne4
23.Ne3 Ng5 24.Rg1 f4 25.gxf4 Nxf3+ 26.exf3 Qh4 27.Rg3 Qxf4 28.Ng4 Qf8 29.Be3
Rac8 30.Rag1 Be2 31.h4 Bxf3 32.h5 Be4 33.Qd1 Rc2 34.Bd4 Re5 35.Bxe5 Bxe5
36.Nxe5 Qxf2+ 37.Kh3 Qh2+ 38.Kg4 Qxh5+ 39.Kf4 Qxe5+ {#R} 0-1

[Event "Extra League 2003/04"]
[Site "masterchessopen.com - Czech Republic"]
[Date "2003.11.09"]
[Round "2"]
[White "Jirka Jiri (CZE)"]
[Black "Virostko Petr (CZE)"]
[Result "1-0"]
[WhiteElo "2372"]
[BlackElo "2296"]

1.d4 Nf6 2.c4 e6 3.g3 c5 4.d5 exd5 5.cxd5 d6 6.Nc3 g6 7.Bg2 Bg7 8.Nf3 O-O
9.O-O a6 10.a4 Nbd7 11.Nd2 Re8 12.h3 Qc7 13.Nc4 Nb6 14.Na3 Bd7 15.a5 Nc8
16.Nc4 Bb5 17.Qb3 Bxc4 18.Qxc4 b5 19.axb6 Nxb6 20.Qh4 Ra7 21.Ra2 Re5 22.e4
Nbd7 23.g4 c4 24.g5 Nh5 25.Be3 Nc5 26.Na4 Nd3 27.Nc3 Ra8 28.Bf3 Ree8 29.Bxh5
gxh5 30.Ne2 Nxb2 31.Ng3 c3 32.Nxh5 Qc4 33.Nxg7 Kxg7 34.g6 fxg6 35.Bh6+ Kg8
36.Qf6 Ra7 37.Ra3 Qxe4 38.Qxc3 Qe5 39.Qc6 Rae7 40.Re3 Qf6 41.Qxe8+ {#r} 1-0

[Event "Memorial Crespi (open)"]
[Site "masterchessopen.com - Milan (Italy)"]
[Date "2003.12.08"]
[Round "6"]
[White "Bonade Massimo (ITA)"]
[Black "Bozzali Ermanno (ITA)"]
[Result "0-1"]
[WhiteElo "2093"]
[BlackElo "2105"]

1.d4 Nf6 2.c4 c5 3.d5 e6 4.Nc3 exd5 5.cxd5 d6 6.Nf3 g6 7.g3 Bg7 8.Bg2 O-O
9.O-O a6 10.a4 Re8 11.Nd2 Nbd7 12.Nc4 Nb6 13.Na3 Bd7 14.a5 Nc8 15.Nc4 Bb5
16.Qb3 Bxc4 17.Qxc4 b5 18.axb6 Nxb6 19.Qd3 c4 20.Qc2 Nfd7 21.e4 Nc5 22.Be3 Qc7
23.Ra3 Reb8 24.Rfa1 Nb3 25.R1a2 Qb7 26.Ne2 Rc8 27.Bh3 Re8 28.Bxb6 Qxb6 29.Qxc4
Nc5 30.Bg2 Bxb2 31.Ra5 Rac8 32.Nf4 Nxe4 33.Qe2 Nxf2 34.Qf3 {#R} 0-1

[Event "Cup Rilton"]
[Site "masterchessopen.com - Stockholm (Sweden)"]
[Round "3"]
[White "Livner Anders (SWE)"]
[Black "Tidman Sophie E (ENG)"]
[Result "1-0"]
[WhiteElo "2250"]
[BlackElo "2127"]

1.d4 Nf6 2.c4 e6 3.Nf3 c5 4.d5 exd5 5.cxd5 d6 6.Nc3 g6 7.g3 Bg7 8.Bg2 O-O
9.O-O a6 10.a4 Nbd7 11.Nd2 Re8 12.Qc2 Rb8 13.a5 b5 14.axb6 Nxb6 15.e4 Nh5
16.Rd1 f5 17.Nb3 Nf6 18.Na5 Bd7 19.Nc6 Bxc6 20.dxc6 fxe4 21.Nxe4 Nxe4 22.Bxe4
Qe7 23.Bg2 Nc8 24.Rxa6 Bd4 25.Ra3 Rf8 26.Be3 Be5 27.Rb3 Na7 28.Rb7 Rxb7
29.cxb7 Qc7 30.Qa4 Qb6 31.b4 Kh8 32.bxc5 dxc5 33.Qc2 Bd4 34.Rb1 Qd6 35.Bf4 Be5
36.Bxe5+ Qxe5 37.Qb2 {#r} 1-0

[Event "Ch England (team) 2003/04"]
[Site "masterchessopen.com - England"]
[Date "2004.01.18"]
[Round "4"]
[White "Arkell Keith C (ENG)"]
[Black "Mestel A Jonathan (ENG)"]
[Result "0-1"]
[WhiteElo "2489"]
[BlackElo "2489"]

{ Arkell Keith C (ENG) +3 =6 -3 } 1.d4 { 1 } 1...Nf6 2.Nf3 e6 3.c4 c5 4.d5
exd5 5.cxd5 d6 6.Nc3 g6 7.g3 Bg7 8.Bg2 O-O 9.O-O Re8 10.Nd2 a6 11.a4 Nbd7
12.Nc4 Nb6 { ? } ( 12...Ne5 13.Nxe5 Rxe5 14.e4 Re8 15.Rb1 b5 16.axb5 axb5
17.b4 c4 18.h3 Bd7 19.Qc2 Qc8 20.Kh2 Re5 21.g4 Bxg4 22.hxg4 Qxg4 23.Rh1 Rae8
24.Be3 Nxe4 25.Nxe4 Rxe4 26.f3 Qh5+ 27.Kg1 Rh4 28.Rxh4 Qxh4 29.Qf2 Qh5 30.Rd1
Bc3 31.Bd4 Qxd5 32.f4 { ...1/2-1/2, Karpov Anatoly 2745 - Adianto Utut 2610 ,
Jakarta 1997 Match } ) 13.Na3 Bd7 14.a5 ( 14.Bf4 Nh5 15.Bd2 Bxc3 16.bxc3 Nxa4
17.Nc4 Qf6 18.Qc1 b5 19.Rxa4 bxc4 20.Bg5 Qe5 21.Ra2 f6 22.Bh6 f5 23.Re1 Nf6
24.Bf4 Qe7 25.Bg5 Qf7 26.Qf4 Re5 27.Qxc4 Bb5 28.Qb3 c4 29.Qb4 Ne4 30.Bf4 Rxd5
31.Bxe4 fxe4 32.Bxd6 e3 33.f3 Qe6 { ...0-1, Arkell Keith C 2531 - Taylor Peter
2289 , England 2003 Ch England (team) 2003/04 } ) ( 14.Bd2 Rb8 15.Re1 Nc8
16.Rb1 b5 17.axb5 axb5 18.b4 c4 19.h3 Re7 20.e4 Be8 21.Kh2 Ra7 22.Nc2 Nb6
23.f4 Na4 24.e5 dxe5 25.fxe5 Nd7 26.Nxa4 bxa4 27.Bf4 Nf8 28.e6 Rc8 29.b5 Qa5
30.b6 Rb7 31.d6 Rxb6 32.Rxb6 Qxb6 33.d7 Bxd7 { ...1-0, Chatalbashev Boris 2524
- Gallo Enrico 2155 , Jesolo 1999 It (open) } ) 14...Nc8 15.Nc4 Bb5 ( 15...Qe7
16.Qb3 Rb8 { } ) 16.Qb3 Bxc4 17.Qxc4 { ? } 17...b5 ( 17...Nd7 18.Bf4 Ne5
19.Bxe5 Bxe5 20.Ra2 Rb8 21.Nd1 Na7 22.Ne3 Nb5 23.Qd3 f5 24.Nc4 Bg7 25.Re1 Qf6
26.Raa1 f4 27.Bh3 Nd4 28.Bg2 Kh8 29.Rab1 Re7 30.e3 fxe3 31.Rxe3 Rf8 32.Qd2 Bh6
33.f4 Rxe3 34.Qxe3 Bg7 35.Qe4 Rf7 36.Re1 Bf8 37.Qe8 { ...0-1, Maurer Fritz
2075 - Gofshtein Zvulon 2495 , Lenk 1994 It (open) } ) 18.axb6 Nxb6 (
18...Qxb6 19.h3 Nd7 20.Qa4 Qd8 21.Qc2 Ncb6 22.Re1 Qc7 23.Bf4 Ne5 24.Ra2 h6
25.Rea1 Qb7 26.h4 Nbd7 27.h5 g5 28.Bc1 Qb6 29.Qf5 Nf6 30.Ne4 Neg4 31.Nxf6+
Nxf6 32.Qd3 a5 33.Bd2 a4 34.Rxa4 Rxa4 35.Rxa4 Qxb2 36.g4 Nd7 37.Ra6 c4 38.Qf5
{ ...1/2-1/2, Pedersen Steffen 2417 - Peicheva-Hansen Evgenia 2172 , Gausdal
1990 Cup Arnold } ) 19.Qh4 Qc7 { } ( 19...Nfd7 20.Bg5 Qb8 21.Ra2 c4 22.Be3 Qc7
23.Bd4 Bxd4 24.Qxd4 Nc5 25.Ne4 Nxe4 26.Bxe4 a5 27.Bf3 a4 28.Rc1 Ra5 29.b3 Rc8
30.bxc4 Nxc4 31.Bg4 f5 32.Bh3 Qc5 33.Qd3 Qb4 34.e4 Rac5 35.Qb1 Ne3 { 0-1,
Piankov Evgenij 2339 - Psakhis Lev 2545 , Irkutsk 1977 } ) 20.Bh6 { N } (
20.Kh1 c4 21.f4 h6 22.g4 Nfd7 23.g5 Bxc3 24.bxc3 h5 25.Bf3 Nc5 26.f5 Nb3 27.f6
Re5 28.Bxh5 gxh5 29.Qxh5 Qc8 30.Rf4 Rxg5 31.Qxg5+ Kf8 32.Re4 { 1-0, Cairou
Yannick 2130 - Denis Laurent 2210 , France 1989 Ch France (team) } ) 20...Bh8
21.Bg5 Nfd7 22.Ra2 c4 { } ( 22...Bxc3 { !? } 23.bxc3 a5 24.Rfa1 a4 { } )
23.Rfa1 Nc5 24.Ne4 { ?! } ( 24.Be3 { !? } 24...Rab8 25.Rc1 Bg7 26.Bf3 { } )
24...Nxe4 25.Bxe4 c3 26.bxc3 Bxc3 27.Rc1 Qc4 28.Bb1 { } ( 28.Bxg6 { !? }
28...Qxh4 29.Bxh4 hxg6 30.Rxc3 { } ) 28...Qb3 29.Rac2 { ?! } ( 29.Qf4 { !? }
29...a5 30.e4 Rac8 31.Rac2 { } ) 29...Bb2 30.Rd1 { ? } ( { ? } 30.Re1 Nxd5
31.Rd2 Rab8 32.Be4 { } ) 30...Rxe2 31.Rd3 Re1+ 32.Kg2 Qb5 33.Rc7 Bg7 34.Bc2
Nxd5 35.Rc4 Nb6 36.Rc7 Rc8 { ?! } ( 36...Nd5 { !? } 37.Rc4 Nb6 38.Rc7 Nd5 { }
) 37.Rxc8+ Nxc8 38.Be3 { ?! } ( 38.Bd2 { !? } 38...Re7 39.Kg1 d5 40.Qf4 { } )
38...Qc6+ 39.Kh3 h5 40.Qd8+ Kh7 41.Bb3 Qe4 42.Bxf7 Ne7 43.Rd5 Rg1 44.Bxg6+
Qxg6 45.Rg5 Qe6+ 46.Kh4 Ng6+ { } {#R} 0-1

[Event "Ch Austria (team) 2003/04"]
[Site "masterchessopen.com - Austria"]
[Date "2004.01.25"]
[Round "7"]
[White "Weiss Christian (AUT)"]
[Black "Kilgus Georg (AUT)"]
[Result "1-0"]
[WhiteElo "2422"]
[BlackElo "2342"]

1.d4 Nf6 2.g3 c5 3.d5 e6 4.c4 exd5 5.cxd5 d6 6.Bg2 g6 7.Nf3 Bg7 8.O-O O-O
9.Nc3 a6 10.a4 Re8 11.Nd2 Nbd7 12.h3 Rb8 13.Nc4 Nb6 14.Na3 Bd7 15.a5 Na8
16.Bf4 b5 17.axb6 Bf8 18.Nc4 Bb5 19.Na5 Qxb6 20.Re1 Nc7 21.e4 Nd7 22.Nxb5 Nxb5
23.Nc4 Qa7 24.Ra2 Ne5 25.Bxe5 dxe5 26.Bf1 Nd4 27.Re3 Ra8 28.Rea3 Qb7 29.Ra4 f6
30.Ne3 a5 31.Nc4 Nb3 32.Nxa5 Nxa5 33.Rxa5 Rxa5 34.Rxa5 Qxb2 35.d6 Qd4 36.Qb3+
c4 37.Bxc4+ Kh8 38.Rd5 Qxe4 39.Rd1 Rd8 40.Bd5 {#r} 1-0

[Event "Ch France (team) 2004"]
[Site "masterchessopen.com - France"]
[Date "2004.02.01"]
[Round "3"]
[White "Huebner Robert Dr (GER)"]
[Black "Pigusov Evgeny (RUS)"]
[Result "1-0"]
[WhiteElo "2624"]
[BlackElo "2556"]

{ Huebner Robert Dr (GER) +2 =1 -0 } 1.d4 { 1 } 1...Nf6 2.c4 e6 3.Nf3 c5 4.d5
exd5 5.cxd5 d6 6.Nc3 g6 7.g3 Bg7 8.Bg2 O-O 9.O-O Re8 10.Nd2 a6 11.a4 Nbd7
12.Nc4 ( 12.h3 Rb8 13.Nc4 Nb6 14.Na3 Bd7 15.Re1 Nc8 16.Qd3 Qc7 17.Bd2 Na7
18.Nc4 Nc8 19.a5 Bb5 20.b3 Nd7 21.f4 b6 22.axb6 Rxb6 23.Ra3 Bxc4 24.bxc4 Qb8
25.Na4 Rb7 26.Kh2 Na7 27.Nc3 Rb6 28.e4 Nc8 29.Re2 Rb3 30.Ra4 Rxc3 31.Bxc3 Qb3
{ ...1/2-1/2, Huebner Robert Dr 2625 - Cvitan Ognjen 2576 , Switzerland 2002
Ch Switzerland (team) 2002 } ) 12...Nb6 { ? } ( 12...Ne5 13.Nxe5 Rxe5 14.e4
Re8 15.Rb1 b5 16.axb5 axb5 17.b4 c4 18.h3 Bd7 19.Qc2 Qc8 20.Kh2 Re5 21.g4 Bxg4
22.hxg4 Qxg4 23.Rh1 Rae8 24.Be3 Nxe4 25.Nxe4 Rxe4 26.f3 Qh5+ 27.Kg1 Rh4
28.Rxh4 Qxh4 29.Qf2 Qh5 30.Rd1 Bc3 31.Bd4 Qxd5 32.f4 { ...1/2-1/2, Karpov
Anatoly 2745 - Adianto Utut 2610 , Jakarta 1997 Match } ) 13.Na3 Bd7 { ? }
14.Re1 ( 14.Bd2 Rb8 15.Re1 Nc8 16.Rb1 b5 17.axb5 axb5 18.b4 c4 19.h3 Re7 20.e4
Be8 21.Kh2 Ra7 22.Nc2 Nb6 23.f4 Na4 24.e5 dxe5 25.fxe5 Nd7 26.Nxa4 bxa4 27.Bf4
Nf8 28.e6 Rc8 29.b5 Qa5 30.b6 Rb7 31.d6 Rxb6 32.Rxb6 Qxb6 33.d7 Bxd7 { ...1-0,
Chatalbashev Boris 2524 - Gallo Enrico 2155 , Jesolo 1999 It (open) } ) (
14.a5 Nc8 15.Nc4 Bb5 16.Qb3 Bxc4 17.Qxc4 Nd7 18.e4 b5 19.axb6 Ncxb6 20.Qe2 c4
21.Be3 Qc7 22.Na4 Nxa4 23.Rxa4 Ne5 24.Rc1 Qd7 25.Ra5 Reb8 26.Rc2 Rb4 27.Bd2
Ra4 28.Bh3 Qe8 29.Rxa4 Qxa4 30.Bc3 Nd3 31.Bxg7 Kxg7 32.Qd2 Kg8 33.Qc3 Qa1+ {
...1-0, Ermeni Avni 2265 - Arsovic Goran 2403 , Kladovo 1991 Ch Yugoslavia } )
14...Ng4 ( 14...Qc7 15.Rb1 Ng4 16.h3 Ne5 17.b3 c4 18.a5 Nc8 19.b4 Bf5 20.Nc2
Na7 21.Bb2 Re7 22.f4 Nd3 23.exd3 cxd3 24.Rxe7 Qxe7 25.Ne1 Qe3+ 26.Kh2 d2
27.Nc2 Qd3 28.g4 { 0-1, Churin Leonardo 2275 - Paglilla Carlos 2400 , Buenos
Aires 1995 It (open) "M.Najdorf" } ) 15.a5 { } 15...Nc8 16.h3 Nh6 { N } (
16...Nf6 17.Nc4 Bb5 18.Qb3 Bxc4 19.Qxc4 Nd7 20.Ne4 Na7 21.Bf4 Ne5 22.Qa4 h6
23.g4 Nb5 24.b4 c4 25.Rac1 Rc8 26.Bd2 Re7 27.Nc3 Nd4 28.Be3 Nd7 29.Ne4 Nb5
30.Qa2 c3 31.Qb3 Qe8 32.Qb1 Rc4 { 0-1, Delemarre Jop 2426 - Psakhis Lev 2573 ,
Vlissingen 2001 It (open) } ) 17.Nc4 Bb5 18.Ne3 b6 { } ( 18...Bd7 { !? }
19.Nc4 Bb5 20.Ne3 Bd7 { } ) 19.axb6 { } ( 19.Nxb5 { !? } 19...axb5 20.a6 Re7
21.g4 { } ) 19...Nxb6 20.Bd2 Rb8 21.Qc1 f5 22.Ra2 Nf7 23.b3 Bd4 24.Ned1 Bg7
25.f4 Kh8 { } ( 25...Nd7 { !? } 26.e4 Bd3 27.exf5 Rxb3 { } ) 26.Nf2 { } (
26.Nxb5 { !? } 26...axb5 27.Ra7 Kg8 28.e4 { } ) 26...Nh6 27.e4 fxe4 28.g4 Bd4
{ } ( 28...c4 { !? } 29.b4 Rb7 30.Nfxe4 Rbe7 { } ) 29.Be3 Bg7 30.Nfxe4 Nf7
31.Rf2 { } ( 31.Nxb5 { !? } 31...axb5 32.Ra7 Re7 33.Rxe7 { } ) 31...Rb7 { ?! }
( 31...Bd7 { !? } 32.Rfe2 Na8 33.Nd2 Qa5 { } ) 32.f5 gxf5 33.Rxf5 Rbe7 { ? } (
33...Bd3 34.Rd1 c4 35.bxc4 Bxc4 { } ) 34.Nxb5 axb5 35.Ref1 Rxe4 { ?! } (
35...Kg8 { !? } 36.Qc2 Nd7 37.Rxf7 Rxf7 { } ) 36.Bxe4 Rxe4 37.Rxf7 Nxd5 38.Bh6
{ } {#r} 1-0

[Event "It (open)"]
[Site "masterchessopen.com - Bar (Yugoslavia)"]
[Date "2004.02.18"]
[Round "1"]
[White "Dedijer Sanja (BIH)"]
[Black "Ivanovic Bozidar (MNE)"]
[Result "0-1"]
[WhiteElo "2064"]
[BlackElo "2443"]

1.d4 Nf6 2.c4 e6 3.g3 c5 4.d5 exd5 5.cxd5 d6 6.Nc3 g6 7.Bg2 Bg7 8.Nf3 O-O
9.O-O Re8 10.Nd2 a6 11.a4 Nbd7 12.Nc4 Ne5 13.Na3 Nh5 14.e4 Rf8 15.f4 Ng4
16.Bf3 f5 17.Nc4 Re8 18.Kg2 Bd4 19.exf5 gxf5 20.h3 Nhf6 21.hxg4 fxg4 22.Be2 b5
23.axb5 Qe7 24.Nb6 Bxc3 25.Nxa8 Bd4 26.Bd3 Qb7 27.Re1 Qxd5+ 28.Be4 Rxe4
29.Rxe4 Qxe4+ 30.Kh2 Bb7 {#R} 0-1

[Event "Ch Russia (juniors) (under 18) (g)"]
[Site "masterchessopen.com - Dagomys (Russia)"]
[Round "0"]
[White "Kirsanova Ekaterina (RUS)"]
[Black "Andreeva Arina (RUS)"]
[Result "1-0"]
[WhiteElo "2129"]
[BlackElo "2001"]

1.d4 Nf6 2.c4 e6 3.Nc3 c5 4.d5 exd5 5.cxd5 d6 6.Nf3 g6 7.g3 Bg7 8.Bg2 O-O
9.O-O Re8 10.Nd2 a6 11.a4 Nbd7 12.Re1 Rb8 13.a5 b5 14.axb6 Nxb6 15.e4 Qe7
16.Re2 Nfd7 17.f4 Bxc3 18.bxc3 Nxd5 19.Qc2 N5b6 20.c4 Nf8 21.Bb2 Ne6 22.Nf3 f6
23.Rd1 Bd7 24.Ra1 Kf8 25.Rd2 Nc7 26.e5 dxe5 27.fxe5 f5 28.e6 Nxe6 29.Re1 Bc6
30.Qc3 Qg7 {#r} 1-0

[Event "It (cat.9)"]
[Site "masterchessopen.com - Santa Monica (USA)"]
[Date "2004.05.19"]
[Round "9"]
[White "Mikhalevski Victor (ISR)"]
[Black "Pruess David (USA)"]
[Result "1-0"]
[WhiteElo "2566"]
[BlackElo "2391"]

1.d4 e6 2.c4 Nf6 3.g3 c5 4.d5 exd5 5.cxd5 d6 6.Nc3 g6 7.Bg2 Bg7 8.Nf3 O-O
9.O-O a6 10.a4 Re8 11.Nd2 Nbd7 12.h3 Rb8 13.Nc4 Ne5 14.Na3 Nh5 15.e4 Bd7 16.g4
Qh4 17.gxh5 Bxh3 18.Qe2 f5 19.Qe3 Bxg2 20.Kxg2 Qxh5 21.f3 b5 22.axb5 axb5
23.Rh1 Qxf3+ 24.Qxf3 Nxf3 25.Naxb5 Nd4 26.Nxd6 Red8 27.Ra6 fxe4 28.Ndxe4 Nb5
29.Nxb5 Rxb5 30.d6 Be5 31.Ra7 Rb4 32.Re1 Rf8 33.Re2 Rd4 34.Bh6 Rd8 35.Bg5 {#r}
1-0

[Event "It (open)"]
[Site "masterchessopen.com - Avoine (France)"]
[Round "0"]
[White "Payen Arnaud (FRA)"]
[Black "Sanglan Philippe (FRA)"]
[Result "1-0"]
[WhiteElo "2390"]
[BlackElo "2148"]

1.d4 Nf6 2.c4 c5 3.d5 e6 4.Nc3 exd5 5.cxd5 d6 6.g3 g6 7.Bg2 Bg7 8.Nf3 O-O
9.O-O a6 10.a4 Re8 11.Nd2 Nbd7 12.h3 Rb8 13.Nc4 Ne5 14.Na3 Nh5 15.e4 Bd7 16.a5
b5 17.axb6 Rxb6 18.g4 Qh4 19.Re1 Bxg4 20.hxg4 Nxg4 21.Qf3 Nh2 22.Qe2 Ng4
23.Nc4 Rb4 24.Ne3 Ne5 25.Nc2 Rbb8 26.Ra3 c4 27.Nd1 Nd3 28.Rxd3 cxd3 29.Qxd3
Rec8 30.b4 Be5 31.Bd2 Nf6 32.Nde3 Nh5 33.Nc4 Qh2+ 34.Kf1 Nf4 35.Bxf4 Bxf4
36.Na5 {#r} 1-0